Statistics for Name All Smosh Members Since 2015

Click here to take the quiz!

General Stats

  • This quiz has been taken 91 times
  • The average score is 12 of 15

Answer Stats

Years (Cast)Answer% Correct
2005-2017Anthony
100%
2005-Ian
100%
2015-Courtney
99%
2015-Noah
94%
2017-Damien
93%
2015-Shayne
93%
2015-Keith
91%
2015-Olivia
91%
2022-Amanda
82%
2018-Kimmy
78%
2020-Jackie
76%
2020-Tommy
76%
2020-Spencer
66%
2021-Saige
49%
2020-2021Sarah
31%

Score Distribution

Percentile by Number Answered

Percent of People with Each Score

Your Score History

You have not taken this quiz